[Event "NRW Class 0506 playoff"]
[Site "Germany"]
[Date "2006.05.21"]
[Round "10.7"]
[White "Thalwitzer, David"]
[Black "Moissidis, Michael"]
[Result "1-0"]
[WhiteElo "2183"]
[BlackElo "2154"]
[PlyCount "63"]
[EventDate "2006.05.21"]
[EventType "team-tourn"]
[EventRounds "1"]
[EventCountry "GER"]
[SourceTitle "CBM 112 Extra"]
[Source "ChessBase"]
[SourceDate "2006.07.14"]
[SourceVersion "1"]
[SourceVersionDate "2006.07.14"]
[SourceQuality "1"]
[WhiteTeam "Koeln Porz III"]
[BlackTeam "Duesseldorf II"]
[WhiteTeamCountry "GER"]
[BlackTeamCountry "GER"]

1. e4 e6 2. d4 d5 3. e5 c5 4. c3 Nc6 5. Nf3 Bd7 6. a3 f6 7. Bd3 Qc7 8. 0-0 0-0-0 9. Qe2 c4 10. Bc2 h6 11. Nbd2 g5 12. b3 cxb3 13. Nxb3 f5 14. c4 Nge7 15. Bd3 dxc4 16. Bxc4 Nd5 17. Bxd5 exd5 18. Bd2 g4 19. Ne1 Be7 20. Nd3 Be6 21. Rfc1 Kd7 22. Ba5 b6 23. Bb4 Qb7 24. Bxe7 Kxe7 25. Nf4 Rh7 26. Qb5 Rc8 27. Nxd5+ Kf8 28. Nf6 Rhc7 29. d5 Nxe5 30. Rxc7 Qxc7 31. dxe6 a6 32. Qxe5 1-0

[Event "NRW Class1 0506"]
[Site "Germany"]
[Date "2006.03.05"]
[Round "7.4"]
[White "Heimsoth, Sven Holger"]
[Black "Moissidis, Michael"]
[Result "0-1"]
[WhiteElo "2220"]
[BlackElo "2154"]
[PlyCount "68"]
[EventDate "2005.09.25"]
[EventType "team-tourn"]
[EventRounds "9"]
[EventCountry "GER"]
[SourceTitle "EXT 2006"]
[Source "ChessBase"]
[SourceDate "2005.11.24"]
[SourceVersion "1"]
[SourceVersionDate "2005.11.24"]
[SourceQuality "1"]
[WhiteTeam "Muelheim Nord II"]
[BlackTeam "Duesseldorf II"]
[WhiteTeamCountry "GER"]
[BlackTeamCountry "GER"]

1. d4 Nf6 2. Nc3 e6 3. e4 d5 4. Bg5 Bb4 5. Bd3 dxe4 6. Bxe4 Nbd7 7. Qf3 c6 8. Nge2 Qa5 9. Bd2 Nxe4 10. Qxe4 0-0 11. 0-0 Nf6 12. Qh4 Qh5 13. Qxh5 Nxh5 14. Rad1 h6 15. Ne4 Be7 16. c4 b6 17. Be3 Ba6 18. b3 Rad8 19. f3 Rfe8 20. g4 Nf6 21. Nxf6+ Bxf6 22. f4 Rd7 23. g5 Be7 24. gxh6 gxh6 25. f5 exf5 26. Ng3 Rd6 27. Nxf5 Rg6+ 28. Kh1 Bf8 29. Bf4 Bc8 30. Be5 c5 31. Bg3 cxd4 32. Nxd4 h5 33. Rf4 Bd6 34. Rf3 Bb7 0-1

[Event "NRW Class1 0506"]
[Site "Germany"]
[Date "2006.01.08"]
[Round "5.6"]
[White "Nikula, Reiner"]
[Black "Moissidis, Michael"]
[Result "1/2-1/2"]
[WhiteElo "2277"]
[BlackElo "2154"]
[PlyCount "97"]
[EventDate "2005.09.25"]
[EventType "team-tourn"]
[EventRounds "9"]
[EventCountry "GER"]
[SourceTitle "EXT 2006"]
[Source "ChessBase"]
[SourceDate "2005.11.24"]
[SourceVersion "1"]
[SourceVersionDate "2005.11.24"]
[SourceQuality "1"]
[WhiteTeam "Godesberg II"]
[BlackTeam "Duesseldorf II"]
[WhiteTeamCountry "GER"]
[BlackTeamCountry "GER"]

1. Nf3 Nf6 2. g3 g6 3. Bg2 Bg7 4. 0-0 0-0 5. d4 d5 6. c4 dxc4 7. Ne5 Nfd7 8. Nxc4 c5 9. d5 Nb6 10. Nba3 Na6 11. e4 Nxc4 12. Nxc4 b5 13. Na3 Bd7 14. Qe2 c4 15. e5 Rc8 16. Bf4 Nc5 17. g4 Nd3 18. Bg3 Qb6 19. Nc2 Nxb2 20. Nb4 a5 21. Qxb2 axb4 22. Qxb4 Qc5 23. Qxc5 Rxc5 24. h3 e6 25. f4 exd5 26. Rad1 Rfc8 27. Bxd5 Bc6 28. Bxc6 R5xc6 29. Rf2 Bf8 30. Rc2 Ba3 31. Bh4 c3 32. Rd8+ Rxd8 33. Bxd8 Kf8 34. Bf6 Bb2 35. Kf2 Ke8 36. Ke3 Kd7 37. f5 gxf5 38. gxf5 Rc4 39. Kd3 Rf4 40. e6+ fxe6 41. fxe6+ Kxe6 42. Bxc3 Rf3+ 43. Ke4 Rxc3 44. Rxb2 Rc4+ 45. Kd3 Rc5 46. Kd4 Kd6 47. Rf2 Rc4+ 48. Kd3 Kc5 49. Rc2 1/2-1/2

[Event "NRW Class1 0506"]
[Site "Germany"]
[Date "2005.12.04"]
[Round "4.7"]
[White "Kaeding, Rainer"]
[Black "Moissidis, Michael"]
[Result "1/2-1/2"]
[WhiteElo "2162"]
[BlackElo "2154"]
[PlyCount "82"]
[EventDate "2005.09.25"]
[EventType "team-tourn"]
[EventRounds "9"]
[EventCountry "GER"]
[SourceTitle "EXT 2006"]
[Source "ChessBase"]
[SourceDate "2005.11.24"]
[SourceVersion "1"]
[SourceVersionDate "2005.11.24"]
[SourceQuality "1"]
[WhiteTeam "Castrop Rauxel"]
[BlackTeam "Duesseldorf II"]
[WhiteTeamCountry "GER"]
[BlackTeamCountry "GER"]

1. c4 Nf6 2. Nf3 g6 3. b4 Bg7 4. Bb2 0-0 5. e3 b6 6. a4 c5 7. b5 d5 8. cxd5 Nxd5 9. Bxg7 Kxg7 10. Bc4 Nb4 11. 0-0 Nd7 12. d4 Qc7 13. Qb3 a5 14. bxa6 Bxa6 15. Nbd2 Nc6 16. d5 Nce5 17. Nxe5 Nxe5 18. Bxa6 Rxa6 19. f4 Nd7 20. e4 Kg8 21. e5 Qa7 22. Rf2 b5 23. Qxb5 Rb8 24. Qd3 Rxa4 25. Rxa4 Qxa4 26. g3 Rb4 27. Nf3 c4 28. Qc2 Qb5 29. e6 fxe6 30. dxe6 Nf6 31. Ne5 Qb6 32. f5 Qb5 33. Nd7 Rb1+ 34. Kg2 Ng4 35. Qe4 Qb7 36. Qxb7 Rxb7 37. f6 Nxf6 38. Nxf6+ exf6 39. Rxf6 c3 40. Rf3 Rb2+ 41. Kh3 Re2 1/2-1/2

[Event "NRW Class1 0506"]
[Site "Germany"]
[Date "2005.10.09"]
[Round "2.5"]
[White "Werbeck, Torsten"]
[Black "Moissidis, Michael"]
[Result "0-1"]
[WhiteElo "2226"]
[BlackElo "2154"]
[PlyCount "80"]
[EventDate "2005.09.25"]
[EventType "team-tourn"]
[EventRounds "9"]
[EventCountry "GER"]
[SourceTitle "EXT 2006"]
[Source "ChessBase"]
[SourceDate "2005.11.24"]
[SourceVersion "1"]
[SourceVersionDate "2005.11.24"]
[SourceQuality "1"]
[WhiteTeam "Solingen III"]
[BlackTeam "Duesseldorf II"]
[WhiteTeamCountry "GER"]
[BlackTeamCountry "GER"]

1. d4 Nf6 2. Nf3 g6 3. c4 Bg7 4. Nc3 d5 5. cxd5 Nxd5 6. e4 Nxc3 7. bxc3 0-0 8. Rb1 c5 9. Be2 b6 10. 0-0 Bb7 11. Qd3 Ba6 12. Qe3 Qd7 13. Bxa6 Nxa6 14. Qe2 Nc7 15. Be3 Qa4 16. Rfc1 Ne6 17. d5 Nc7 18. Bf4 Nxd5 19. exd5 Qxf4 20. Qxe7 Rfe8 21. Qb7 Qc4 22. Qc6 Rec8 23. Qb7 Rcb8 24. Qc6 Rd8 25. d6 Qe6 26. Re1 Qd7 27. Qd5 Bxc3 28. Re3 Bf6 29. Rd1 Rac8 30. h3 Rc6 31. Re7 Bxe7 32. Ne5 Rxd6 33. Qxf7+ Kh8 34. Nxd7 Rxd1+ 35. Kh2 R1xd7 36. Qe6 Bf8 37. h4 Bg7 38. g4 Rd6 39. Qe7 R6d7 40. Qe6 Rd2 0-1

[Event "Goch op 16th"]
[Site "Goch"]
[Date "2005.10.01"]
[Round "2"]
[White "Moissidis, Michael"]
[Black "Fuchs, Willy"]
[Result "1-0"]
[WhiteElo "2154"]
[BlackElo "1805"]
[PlyCount "41"]
[EventDate "2005.09.30"]
[EventType "swiss"]
[EventRounds "7"]
[EventCountry "GER"]
[SourceTitle "EXT 2007"]
[Source "ChessBase"]
[SourceDate "2006.11.23"]
[SourceVersion "1"]
[SourceVersionDate "2006.11.23"]
[SourceQuality "1"]

1. d4 d5 2. Nc3 e6 3. e4 c5 4. exd5 exd5 5. Bb5+ Nc6 6. Nf3 a6 7. Bxc6+ bxc6 8. 0-0 Be6 9. Re1 Be7 10. dxc5 Bxc5 11. Na4 Ba7 12. Nd4 Bxd4 13. Qxd4 Nf6 14. Nc5 Qc8 15. Bg5 0-0 16. Bxf6 gxf6 17. Qxf6 Rb8 18. Re5 h6 19. Nxe6 Qxe6 20. Rxe6 fxe6 21. Qg6+ 1-0

[Event "Goch op 16th"]
[Site "Goch"]
[Date "2005.09.30"]
[Round "1"]
[White "Stergar, Lothar"]
[Black "Moissidis, Michael"]
[Result "0-1"]
[WhiteElo "1678"]
[BlackElo "2154"]
[PlyCount "70"]
[EventDate "2005.09.30"]
[EventType "swiss"]
[EventRounds "7"]
[EventCountry "GER"]
[SourceTitle "EXT 2007"]
[Source "ChessBase"]
[SourceDate "2006.11.23"]
[SourceVersion "1"]
[SourceVersionDate "2006.11.23"]
[SourceQuality "1"]

1. e4 e6 2. d4 d5 3. Nd2 Nf6 4. e5 Nfd7 5. Bd3 c5 6. c3 Nc6 7. Ne2 cxd4 8. cxd4 f6 9. exf6 Nxf6 10. Nf3 Bd6 11. Bf4 Qa5+ 12. Qd2 Bb4 13. Nc3 0-0 14. 0-0 a6 15. Rac1 Bd7 16. a3 Be7 17. Rfe1 Nh5 18. Be5 Qd8 19. Qc2 h6 20. Ne2 Be8 21. Bh7+ Kh8 22. Bg6 Bf6 23. Bd3 Bxe5 24. Nxe5 Qf6 25. Nf3 Rc8 26. Qd2 g5 27. Ng3 Nf4 28. Bb1 Nxg2 29. Kxg2 Qxf3+ 30. Kg1 Qf6 31. Rc3 Nxd4 32. Ree3 Rxc3 33. bxc3 Nf3+ 34. Rxf3 Qxf3 35. Qd4+ Qf6 0-1

[Event "Goch op 13th"]
[Site "Goch"]
[Date "2002.10.04"]
[Round "3"]
[White "Moissidis, Michael"]
[Black "Bakhmatov, Eduard"]
[Result "0-1"]
[WhiteElo "1972"]
[BlackElo "2292"]
[PlyCount "58"]
[EventDate "2002.10.03"]
[EventType "swiss"]
[EventRounds "7"]
[EventCountry "GER"]
[SourceTitle "EXT 2004"]
[Source "ChessBase"]
[SourceDate "2003.11.25"]
[SourceVersion "1"]
[SourceVersionDate "2003.11.25"]
[SourceQuality "1"]

1. d4 Nf6 2. c4 c5 3. d5 d6 4. Nc3 g6 5. e4 Bg7 6. f4 0-0 7. Nf3 e6 8. Be2 exd5 9. e5 Ne4 10. Qc2 Nxc3 11. Qxc3 d4 12. Qc2 Nc6 13. 0-0 dxe5 14. Ng5 Bf5 15. Qd2 d3 16. Bf3 e4 17. g4 h6 18. gxf5 hxg5 19. Bg4 e3 20. Qg2 Qd4 21. Kh1 d2 22. fxg6 Rae8 23. Bxd2 Qxd2 24. Qh3 fxg6 25. Be6+ Rxe6 26. Qxe6+ Rf7 27. Rad1 e2 28. fxg5 exd1Q 29. Qd7 Qxf1# 0-1